MDQL
is popping MORE tags! Check the
thread
!
Quizzes
Events
Quiz Creation
Community
Videos
Private Events
Remove Ads
Sign In
Join for FREE
Feedback
Dark Mode
Quiz Categories
Sports
Geography
Music
Movies
Television
Just For Fun
Miscellaneous
History
Literature
Language
Science
Gaming
Entertainment
Religion
Holiday
For Kids
Quiz Lab
Recent
Popular Today
Quiz Kudos Today
Editor Picks
Curator Picks
Quizzes by...
Day
Popularity
Type
Ratings
Length
Year
Community
Subscriptions
Recent Discussions
Orange Saloon
Badges
Playlists
Quests
Create
Leaderboards
Showdown
Live 5
Trivia Bingo
Activity
Puzzle Library
Sporcle Events
Private Events
Virtual Trivia
Globe League
Become a Host
Pub Owners
SporcleCon
Opinionation
Our Games
Videos
Blog
Mobile Apps
Partnerships
Remove Ads and Go Orange
Feedback
Language
Vocabulary
Begins and Ends
Definition
Spanish
French
German
Italian
Chinese
Latin
Translation
Japanese
Language
Vocabulary
Begins and Ends
Definition
Spanish
French
German
Italian
Chinese
Latin
Translation
Japanese
Random Quiz
Search Sporcle
×
Quiz Lab
Quiz Lab
Language
Click on answers out of a set of options
Click on answers out of a set of options
Multiple Choice
Best Score? Go Orange.
W-Fragen Quiz Stats
Can you choose the W-Fragen Quiz?
By
blackcat19890
10m
20 Questions
112 Plays
112 Plays
112 Plays
Comments
Comments
Give Quiz Kudos
Give Quiz Kudos
-
- Ratings
hide this ad
Random Order
Randomize order of answers
Randomize order of answers
Replay
Link that replays current quiz
Next Quiz
Link to next quiz in quiz playlist
You Got
0%
They Got
Avg Score
75%
Avg Friend Score
Upgrade to see
Score Distribution
Jump to the score distribution portion of the page
Score
0/20
Timer
10:00
0
Plays Today
Question
Answer
Wrong Answers
______ kostet das? - Das kostet 20 Euro.
Wie viel
88.4%
Wie
4.5%
Wo
0%
Wer
0%
________ kosten die gelben Schuhe? - Sie kosten 28 Euro.
Wie viel
87.5%
Wer
0%
Wie
7.1%
Wo
0.9%
____ heißen Sie? - Peter Meier.
Wie
86.6%
Was
5.4%
Wo
1.8%
Wer
6.3%
_____geht es dir? - Mir geht es gut.
Wie
85.7%
Was
3.6%
Wo
2.7%
Wann
2.7%
_____ ist das? - Das ist ein Krankenhaus.
Was
85.7%
Wie
2.7%
Wo
5.4%
Wann
0%
______ wohnst du? - In der Osterstraße 17.
Wo
83%
Wie
2.7%
Wann
4.5%
Wer
3.6%
_____lebt Markus? - In Berlin.
Wo
82.1%
Wie
1.8%
Wohin
13.4%
Was
0.9%
_____________ Geschwister hast du? - Ich habe zwei Brüder und eine Schwester.
Wie viele
82.1%
Wo
1.8%
Wie
6.3%
Was
1.8%
______ möchtest du essen? - Ich möchte einen Apfel essen.
Was
82.1%
Wie
5.4%
Wo
2.7%
Wer
1.8%
_____ machst du gerade? - Ich trinke eine Tasse Tee.
Was
81.3%
Wer
6.3%
Wie
1.8%
Wo
5.4%
______ beginnt die Stunde? - Um 14 Uhr.
Wann
78.6%
Wie
8.9%
Wo
5.4%
Was
1.8%
______ kommst du? - Ich komme aus Bosnien.
Woher
75%
Wer
2.7%
Wohin
15.2%
Was
0%
____ hast du Zeit? - Am Montag habe ich Zeit.
Wann
75%
Wie
13.4%
Wo
3.6%
Wer
3.6%
_____ ist das? - Das ist Peter Meier.
Wer
73.2%
Wie
9.8%
Wo
8%
Wann
1.8%
____ bist du von Beruf? - Ich bin ein Lehrer.
Was
67.9%
Wie
11.6%
Wo
9.8%
Wer
8%
______ hat einen Bruder? - Erik hat einen Bruder.
Wer
66.1%
Wie
17%
Was
5.4%
Wo
7.1%
______ lautet deine Telefonnummer? - 0049321432
Wie
64.3%
Was
21.4%
Wo
4.5%
Wie viel
8%
_____ Jahre hast du? - Ich habe 29 Jahre.
Wie viel
62.5%
Wie
21.4%
Was
3.6%
Wann
5.4%
____ gibt es gute Geschäfte? - Im Einkaufszentrum.
Wo
56.3%
Wie
14.3%
Wann
10.7%
Warum
11.6%
_____ ist das Wetter heute? - Es ist sehr schön.
Wie
51.8%
Was
26.8%
Wo
3.6%
Wann
9.8%
Quiz Playlist
Details
Report
Send in Message
Add To Playlist
Multiple Choice:
Click on answers out of a set of options
Random Order:
Randomize order of answers
Last Updated: Mar 15, 2017
Quiz Scoreboard
CHALLENGE
Sign Up to Join the Scoreboard
Show All
Scores
Hide
Comments
May contain spoilers
Recently Published
1-10 Letter E Words III
by El_Dandy
Language
2m
Street Fighter Characters
by Artimus82
Gaming
60s
College Basketball Coaching Resumes
by pancakes188
Sports
9m
More to Explore
Quiz From the Vault
Featured Blog Post
Where Did the Easter Bunny Come From?
hide this ad
You Might Also Like...
Tags
This quiz does not have any tags.
Today's Top Quizzes in Language
Browse Language
hide this ad
Top Contributed Quizzes in Language
1
1-10 Letter F Words III
2
1-10 Letter G Words III
3
1-10 Letter H Words III
4
Celtic Nations in their Language
5
Alphabetize! : 'As' words
6
1-10 Letter I Words III
7
One Thing in Common: Italy
8
Order Up: Top 10 Most Native Spoken Languages
9
1-10 Letter J Words III
10
Weisst du, aus welchen Sprachen diese Wörter stammen?
Explore More
Trending Topics
NBA
Disney
Marvel
Harry Potter
Crossword
Anime
Kpop
Pokémon
Country
The Office
NFL
Song
Soccer
Puzzle
WWE
hide this ad
More By:
blackcat19890
Quiz
Plays
Rating
Category
Featured
Created
Wörter Quiz A1
218
Sports
Mar 2, 2017
W-Fragen Quiz
112
Language
Mar 15, 2017
A1
92
Language
Nov 25, 2018
Kviz A1
81
Language
May 19, 2018
A1 Quiz
72
Language
Feb 11, 2018
Go to Creator's Profile
Score Distribution
Quiz Creator Spotlight
blackcat19890
Follow
Send a Message
Quizzes Created
-
Created Quiz Play Count
-
More By This Creator
Popular Quizzes Today
1
Find the US States - No Outlines Minefield
2
Find the Countries of Europe - No Outlines Minefield
3
The Countries of the World
4
Find the US States
5
Risky Map Clicking: Biggest States A-Z
6
US States
7
Popular People in 1961
8
Movies - When Are They Set?
More Language Quizzes
Sophomore Final Vocabulary
Quiz Lab
Trending Quizzes
Risky Map Clicking: Least Populous States A-Z
Billboard Blitz: Aretha Franklin
Famous Russians: Author or Composer?
1-10 Letter G Words
Countries of the World: 200 Million BC
Recently Updated
Leaping Animals
pecheneg
Reality TV Shows (A-Z)
bhenderson79
Rickey Henderson's Hall of Fame Teammates
pecheneg
Champions League XIs: Arsenal
pecheneg
Quick Pick: Celebrities in WWE's Hall of Fame
aduchscher
A-Z Keypad Blitz II
pecheneg
Multiple Oscar Actors
pecheneg
Mystery Phrase Blitz: Oscar 'Best Actors'
pecheneg
F. Scott Fitzgerald Novels
LTH
Pick 3 Villains
ddd62291
Trending Topics
NBA
Kpop
Anime
Crossword
Marvel
Harry Potter
Disney
Country
WWE
The Office
Song
NFL
Soccer
Puzzle
Pokémon
Your Account Isn't Verified!
In order to create a playlist on Sporcle, you need to verify the email address you used during registration. Go to your
Sporcle Settings
to finish the process.
Report this User
Report this user for behavior that violates our
Community Guidelines
.
Details:
Send Report
Go to the Sporcle.com Mobile Site →
Comments